Research handbook on academic labour markets (Record no. 532821)

000 -LEADER
fixed length control field 00563nam a22001457a 4500
008 - FIXED-LENGTH DATA ELEMENTS--GENERAL INFORMATION
fixed length control field 260320b ||||| |||| 00| 0 eng d
100 ## - MAIN ENTRY--PERSONAL NAME
Personal name Tilak, Jandhyala B. G.
245 ## - TITLE STATEMENT
Title Research handbook on academic labour markets
260 ## - PUBLICATION, DISTRIBUTION, ETC. (IMPRINT)
Place of publication, distribution, etc The Developing Economies
300 ## - PHYSICAL DESCRIPTION
Extent 63(3), Sep, 2025: p.290-292
520 ## - SUMMARY, ETC.
Summary, etc
Glenda Strachan, Cheltenham, Edward Elgar Publishing, 2024, xviii + 380 pp.- Reproduced

https://onlinelibrary.wiley.com/doi/10.1111/deve.12441
773 ## - HOST ITEM ENTRY
Main entry heading The Developing Economies
906 ## - LOCAL DATA ELEMENT F, LDF (RLIN)
Subject DIP BOOK REVIEW
942 ## - ADDED ENTRY ELEMENTS (KOHA)
Item type Articles
Holdings
Withdrawn status Lost status Source of classification or shelving scheme Damaged status Not for loan Permanent location Current location Date acquired Serial Enumeration / chronology Barcode Date last seen Koha item type
          Indian Institute of Public Administration Indian Institute of Public Administration 2026-03-20 63(3), Sep, 2025: p.290-292 AR138339 2026-03-20 Articles

Powered by Koha